La isla de Robinson Crusoe.

Zapisane w:
Opis bibliograficzny
1. autor: Arana Espina, Patricio Mario (autor)
Format: Książka
Język:hiszpański
Wydane: Valparaíso, Chile: Ediciones Universitarias de Valparaíso, 2010.
Hasła przedmiotowe:
Etykiety: Dodaj etykietę
Nie ma etykietki, Dołącz pierwszą etykiete!

MARC

LEADER 00000nam a2200000 a 4500
001 UCG3050
003 CL-VaPUC
005 20240916142328.0
008 100805e20100000CL |||||||||||||||||spa|d
999 |c 342148  |d 342146 
020 |a 9789561704596 
040 |c Pontificia Universidad Católica de Valparaíso 
082 0 4 |a 918 ARA 2010  |2 21 
100 0 |a Arana Espina, Patricio Mario  |e autor  |9 551840 
245 1 3 |a La isla de Robinson Crusoe. 
260 |a Valparaíso, Chile:  |b Ediciones Universitarias de Valparaíso,  |c 2010. 
300 |a 393 páginas :  |b ilustraciones. 
583 |a last modification  |c 20180612 01:44:01  |k Rodrigo Vera 
651 0 |a Archipiélago Juan Fernández  |9 261249  |z Isla Robinson Crusoe  |v Fotografías   |x Geografía  |z Chile  
942 |c BK  |2 ddc 
945 |d 20100805 00:00:00  |a mfarfan 
952 |0 0  |1 0  |4 0  |6 918_000000000000000_ARA_2010  |7 0  |8 C  |9 438149  |a BIBCUR  |b BIBCUR  |d 2019-11-22  |i 4701747  |o 918 ARA 2010  |p 4701747  |r 2025-04-22  |w 2019-11-22  |y BK  |k EXP